Vista normal
Vista MARC
Entrada Título uniforme
Número de registros utilizados en: 1
001 - NÚMERO DE CONTROL
- campo de control: 82541
003 - IDENTIFICADOR DEL NÚMERO DE CONTROL
- campo de control: DO-SdBNP
005 - FECHA Y HORA DE LA ÚLTIMA TRANSACCIÓN
- campo de control: 20221019095553.0
008 - DATOS DE LONGITUD FIJA
- campo de control de longitud fija: 221019|| aca||aabn | a|a d
040 ## - FUENTE DE LA CATALOGACIÓN
- Centro catalogador/agencia de origen: DO-SdBNP
- Centro/agencia transcriptor: DO-SdBNP
130 ## - ENCABEZAMIENTO--TÍTULO UNIFORME
- Título uniforme: Ley 108-10 for the evelopmen of the film activity in teh Dominican Republic.
- Lenguaje de la obra: eng
- Subdivisión general: Dec. No. 370-11
- Subdivisión geográfica: República Dominicana
670 ## - FUENTE DE DATOS ENCONTRADOS
- Cita de la fuente: Work cat.: (DO-SdBNP)52571: República Dominicana. Comisión de Cine. 82540, Dec. No. 370-11 which establishes the regulation for the aplication of Law no. 108-10, for the promotion of cinematic activit in the Domincan Republic. Ley 108-10 for the evelopmen of the film activity in teh Dominican Republic., 200?
